医学部のある大学 - Statistics

General Stats
  • This quiz has been taken 154 times
    153 since last reset
  • The average score is 55 of 82
Answer Stats
Hint Answer % Correct
国立大学 北海道大学
98%
東京大学
98%
千葉大学
96%
東北大学
95%
大阪大学
95%
京都大学
94%
名古屋大学
93%
九州大学
92%
神戸大学
91%
広島大学
91%
長崎大学
91%
群馬大学
90%
新潟大学
90%
金沢大学
90%
岡山大学
90%
愛媛大学
90%
熊本大学
90%
鹿児島大学
90%
琉球大学
90%
秋田大学
89%
鳥取大学
89%
島根大学
89%
香川大学
89%
大分大学
89%
宮崎大学
89%
三重大学
88%
高知大学
88%
山形大学
87%
富山大学
87%
佐賀大学
87%
弘前大学
86%
東京科学大学
86%
福井大学
86%
信州大学
86%
岐阜大学
86%
山口大学
86%
徳島大学
86%
筑波大学
85%
山梨大学
84%
慶應義塾大学
83%
旭川医科大学
76%
川崎医科大学
72%
浜松医科大学
71%
日本大学
70%
省庁大学校 防衛医科大学校
70%
滋賀医科大学
67%
横浜市立大学
66%
帝京大学
66%
順天堂大学
61%
奈良県立医科大学
58%
自治医科大学
57%
東京医科大学
57%
京都府立医科大学
55%
福岡大学
55%
東海大学
53%
公立大学 札幌医科大学
51%
和歌山県立医科大学
49%
福島県立医科大学
48%
大阪市立大学
47%
名古屋市立大学
46%
日本医科大学
46%
私立大学 岩手医科大学
45%
聖マリアンナ医科大学
42%
近畿大学
42%
昭和大学
41%
東京女子医科大学
41%
北里大学
41%
埼玉医科大学
40%
東京慈恵会医科大学
38%
大阪医科大学
38%
藤田医科大学
36%
杏林大学
35%
愛知医科大学
31%
兵庫医科大学
31%
獨協医科大学
30%
関西医科大学
30%
国際医療福祉大学
29%
東北医科薬科大学
28%
久留米大学
26%
東邦大学
25%
金沢医科大学
24%
産業医科大学
22%
No matching quizzes found
Score Distribution
Percent of People with Each Score
Percentile by Number Answered
Your Score History
You have not taken this quiz since the last reset